Инструкция по технологии приготовления полимербетонов и изделий из них. СН 525-80

Bibliographic Details
Corporate Author: СССР Государственный комитет по делам строительства (Госстрой СССР)
Language:Russian
Published: Москва, Стройиздат, 1981
Edition:Изд. официальное
Subjects:
Format: Book
KOHA link:https://koha.lib.tpu.ru/cgi-bin/koha/opac-detail.pl?biblionumber=139980

MARC

LEADER 00000nam0a2200000 4500
001 139980
005 20231031141926.0
029 1 0 |a RU  |b 525-80  |c СН 
035 |a (RuTPU)RU\TPU\book\151650 
035 |a RU\TPU\book\151639 
090 |a 139980 
100 |a 20080617d1981 k y0rusy50 ca 
101 0 |a rus 
102 |a RU 
105 |a a l 000zy 
200 1 |a Инструкция по технологии приготовления полимербетонов и изделий из них. СН 525-80  |f Государственный комитет Совета Министров СССР по делам строительства (Госстрой СССР) 
205 |a Изд. официальное 
210 |a Москва  |c Стройиздат  |d 1981 
215 |a 22 с.  |c ил. 
229 |a Утвержден постановлением Государственного комитета Совета Министров СССР по делам строительства от 19 мая 1980 г. № 69 
610 1 |a СН 
610 1 |a приготовление 
610 1 |a полимербетоны 
610 1 |a состав 
610 1 |a приготовление 
610 1 |a изготовление 
610 1 |a контроль 
610 1 |a техника безопасности 
610 1 |a качество 
675 |a 678(083)  |v 3 
712 0 1 |a СССР  |b Государственный комитет по делам строительства (Госстрой СССР)  |c (1950-1991)  |2 stltpush  |3 (RuTPU)RU\TPU\col\7934 
801 1 |a RU  |b 63413507  |c 20030819  |g PSBO 
801 2 |a RU  |b 63413507  |c 20221207  |g PSBO 
942 |c BK